| 000 | 01085nam a22002537i 4500 | ||
|---|---|---|---|
| 999 |
_c23111 _d23111 |
||
| 003 | AR-CdUCM | ||
| 008 | 241104b20212021 pe||||| |||| 00| 0 spa d | ||
| 020 | _a978-612-00-7162-5 | ||
| 040 |
_aMUNICIPALIDAD PROVINCIAL DEL CUSCO _cBIBLIOTECA MUNICIPAL DEL CUSCO |
||
| 041 | _hspa | ||
| 082 |
_a985.0191 / V21 _bV21 |
||
| 100 |
_aValer Farfan, Amadeo _950774 |
||
| 245 |
_aDe la vida y obras de lo gobernantes Inkas : _bEl libro del bicentenario del Perú / |
||
| 260 |
_aCusco : _c2021 |
||
| 300 |
_a157 páginas. : _c24 cm |
||
| 500 | _zBibliografía: páginas 158-159 | ||
| 505 | _aOrigen mítico de la sociedad Inka y sus posibles ubicaciones geográficas actuales -- Los gobernantes míticos e históricos de las dinastías urin y hanan en su pugna por el poder -- La guerra civil Inka, decadencia y la intromisión europea -- La gran recistencia patriotica Inka | ||
| 650 |
_aOrigen mítico _950775 |
||
| 650 |
_aLos gobernantes Inkas _950776 |
||
| 650 |
_aGuerra cil Inka _950777 |
||
| 650 |
_aTaki Onqoy _946354 |
||
| 942 |
_2ddc _cLIBROS |
||
| 945 |
_apbj _d04-11-2024 |
||